[Event "Horgen-B"]
[Site "Horgen"]
[Date "1995.??.??"]
[Round "8"]
[White "Hodgson, Julian M"]
[Black "Masserey, Yvan"]
[Result "1-0"]
[WhiteElo "2590"]
[BlackElo "2350"]
[Annotator "Ribli,Z"]
[PlyCount "103"]
[EventDate "1995.10.??"]
[EventType "tourn"]
[EventRounds "9"]
[EventCountry "SUI"]
[EventCategory "11"]
[SourceTitle "CBM 050"]
[Source "ChessBase"]
[SourceDate "1996.02.01"]
[SourceVersion "1"]
[SourceVersionDate "1996.02.01"]
[SourceQuality "1"]

1. Nf3 {Hecht} Nc6 2. c4 e5 3. Nc3 Nf6 4. g3 Bb4 5. Bg2 O-O 6. O-O e4 7. Ng5
Bxc3 8. bxc3 Re8 9. f3 e3 10. d3 d5 11. Qb3 Na5 12. Qa3 c6 13. cxd5 cxd5 14. f4
Bg4 15. Nf3 $5 {Einen Vorschlag von Illescas} (15. Re1 h6 16. Nf3 Nc6 17. Rb1
Qd7 18. d4 Bh3 $13 {Lautier,J-Illescas Cordoba,M/Dos Hermanas/1995/CBM47/INF63,
31/}) 15... Bxf3 (15... Nc6 16. h3 {Illescas}) 16. Bxf3 Qb6 17. Bb2 {Droht /\
Rab1,c4 mit klarem weissen Vorteil. Schwarz will das nicht tatenlos lassen.}
Ne4 $6 {Das Opfer ist nicht uninteressant, aber nicht ganz korrekt.} 18. dxe4
dxe4 19. Bg2 Nc4 20. Qb3 Nxb2 21. Rfb1 $1 {Sonst gewinnt der Nachziehende
spaeter mit e2 ein wichtiges Tempi.} (21. Rab1 $2 Nd3 $6 22. exd3 $2 e2+ $1 23.
Rf2 exd3 $19) 21... Nd3 22. exd3 exd3 {[#]} 23. Qd5 $5 (23. Bxb7 $1 {Dieser
einfache Zug koennte das schwarze Spielkonzept sofort wiederlegen.} Rad8 24.
Qxb6 axb6 25. Ba6 $1 {Der Schluesselzug.} Kf8 26. Kg2 e2 27. Kf2 $18) 23... Qd8
24. Rxb7 Qxd5 25. Bxd5 e2 26. Bxf7+ Kf8 27. Bxe8 d2 $1 (27... Rxe8 28. Kf2 $18)
28. Rbb1 Rxe8 29. Kf2 Re4 30. Re1 dxe1=Q+ 31. Rxe1 {Hecht: T - T Motive: wT
hinter c-Freibauer zwingt Schwarz zur Aufgabe des K-Flügels, Trick Zug 48
zwecks Übergang in ein gewonnenes B-Endspiel} Rc4 32. Rc1 Re4 33. Ke1 h5 $1 (
33... Ke7 $2 {Hecht} 34. Rc2 $18) 34. Rc2 $1 Re3 35. c4 h4 36. gxh4 (36. c5 $2
hxg3 37. hxg3 Rxg3 38. c6 Ke7 (38... Rg1+ 39. Kxe2 Rg2+ 40. Kd3 Rxc2 41. Kxc2
Ke7 $10) 39. c7 Rg1+ 40. Kxe2 Rg2+ 41. Kd3 Rxc2 42. Kxc2 Kd7 43. Kd3 Kxc7 44.
Ke4 Kd6 45. Kf5 Ke7 46. Kg6 Kf8 $10) 36... Rh3 {Schwarz hat gute
Rettungchancen, weil die weissen Bauern nicht besonders stark sind.} 37. c5 $1
Ke7 (37... Rxh2 $2 38. c6 Ke7 39. c7 Rh1+ 40. Kxe2 Rh2+ 41. Kd3 Rxc2 42. Kxc2
Kd7 43. Kd3 Kxc7 44. Ke4 $18) 38. Rxe2+ Kd7 39. Rg2 Kc6 $6 (39... Rxh4 $5 40.
Kf2 $1 Rxf4+ 41. Ke3 Rf7 42. Rg6 $16) 40. Kf2 Kxc5 41. Rxg7 Rxh2+ 42. Kg3 Rxa2
43. h5 $1 Ra1 44. h6 Rh1 45. h7 Kd6 (45... a5 46. Kg4 (46. f5 {Hecht} Kd6 (
46... a4 47. f6 a3 48. f7 a2 49. f8=Q+ $18) 47. f6 a4 48. f7 Ke7 49. h8=Q (49.
f8=Q+ Kxf8 50. Rg8+ Kf7 51. h8=Q Rg1+ 52. Kf2 Rxg8 53. Qd4 $18 {mühsam}) 49...
Rxh8 50. Rg8 $18 {einfach}) 46... a4 47. Rg5+ $1 Kd6 48. Rh5 Rg1+ 49. Kf5 $18)
46. Rxa7 Ke6 47. Kg4 Kf6 (47... Rg1+ 48. Kh5 Rh1+ 49. Kg6 Rg1+ 50. Kh6 Rh1+ 51.
Kg7 Rg1+ 52. Kf8 Rh1 53. Kg8 $18 (53. Kg8 {Hecht} Rg1+ 54. Rg7 $18)) 48. Ra8 $1
{[#]} Rxh7 49. Ra6+ Kf7 50. Ra7+ Kg8 51. Rxh7 Kxh7 52. Kf5 (52. Kf5 Kg8 53. Kf6
Kf8 54. f5 Ke8 55. Kg7) 1-0

[Event "Interzonal-15"]
[Site "Manila"]
[Date "1990.??.??"]
[Round "4"]
[White "Georgiev, Kiril"]
[Black "Gelfand, Boris"]
[Result "1/2-1/2"]
[WhiteElo "2580"]
[BlackElo "2680"]
[Annotator "Ribli,Z"]
[PlyCount "182"]
[EventDate "1990.06.29"]
[EventType "swiss"]
[EventRounds "13"]
[EventCountry "PHI"]
[SourceTitle "CBM 019"]
[Source "ChessBase"]
[SourceDate "1990.12.01"]
[SourceVersion "1"]
[SourceVersionDate "1990.12.01"]
[SourceQuality "1"]

1. c4 e5 2. Nc3 Nf6 3. Nf3 Nc6 4. g3 d5 5. cxd5 Nxd5 6. Bg2 Nb6 7. O-O Be7 8.
a3 O-O 9. b4 Re8 10. Rb1 Bf8 11. d3 a5 12. b5 Nd4 13. Nd2 (13. Bb2 a4 14. Nd2
Ra5 15. Nc4 Nxc4 16. dxc4 Be6 17. e3 Bxc4 18. exd4 exd4 19. Ne4 Bxf1 20. Qxf1
Qd7 21. Ba1 $13 {Portisch,L-Petursson,M Wijk 1990 CBM 17}) 13... a4 14. e3 Ne6
15. Nf3 (15. Nc4 Nc5 16. Nxb6 cxb6 17. d4 exd4 18. exd4 Nb3 19. Be3 Bf5 20. Rb2
Na5 21. Ra2 Nc4 22. Qf3 $14 {Cvetkovic,Sr-Kovacevic,P Jugoslavia 1989 48/(26)})
15... Nc5 (15... f6 16. Qc2 Nc5 17. d4 $14 {Azmayparashvili-Novak Haifa op
1989 48/(27)}) 16. d4 exd4 17. Nxd4 g6 18. Qc2 Qe7 19. Nce2 Be6 20. Nxe6 Qxe6
21. Bb2 Qb3 22. Rfc1 Rad8 (22... Nd3 $1) 23. Nd4 $1 Qxc2 24. Rxc2 $14 Nd5 25.
Rd1 Nf6 26. Bc3 Nce4 27. Bb2 Nc5 28. Kf1 Nfe4 29. Ke2 b6 30. g4 Bg7 31. h3 Rd6
32. Bf3 Ng5 33. Bc6 Red8 34. h4 Nge6 35. Nxe6 fxe6 36. Rxd6 Rxd6 37. Bc1 Rd8
38. Bd2 Nb3 39. Be1 Bf8 40. Rc4 Bxa3 41. Rxa4 Be7 42. g5 Nc5 43. Ra7 (43. Ra8
$16) 43... Bd6 44. Bc3 e5 45. Bb4 Rb8 46. f3 Kf7 47. Bd5+ Ke7 48. Bc3 Rf8 49.
Ra1 Ne6 50. Kd3 Nc5+ 51. Kc4 Ne6 52. Re1 Kd7 53. Be4 Ke7 54. Ra1 Nc5 55. Bd5
Ne6 56. Ra7 Nc5 57. Bb4 Rb8 58. Bc6 Ne6 59. Bc3 Rf8 60. Bd5 Kd7 61. Be4 Nc5 62.
Bc6+ Ke7 63. Ra8 Rxa8 64. Bxa8 Ne6 65. Kd5 Bc5 66. Ke4 $2 (66. Bxe5 Bxe3 67.
Bf6+ Kf7 68. Ke4 Bf2 69. Bd5 $18) 66... Ng7 67. Bxe5 Nf5 68. Bxc7 Nxh4 69. Kd3
(69. Bg3 Nf5 70. Bf2 Nd6+) 69... Ng2 70. e4 Ne1+ 71. Ke2 Nc2 72. f4 Nd4+ 73.
Kd3 Nxb5 74. Be5 Bd6 75. Bf6+ Kf8 76. e5 Be7 77. Bd5 Nc7 78. Bb3 Ne8 79. Ke4
Ng7 80. Bc4 Nf5 81. Be6 Ng3+ 82. Kf3 Nh5 83. Bxe7+ Kxe7 84. Bg4 Ng7 85. Ke4 b5
86. Kd4 b4 87. Kc4 Kf7 88. Kxb4 Nh5 89. f5 gxf5 90. Bxf5 Ng7 91. Bxh7 Ne6 {
Ribli} 1/2-1/2

[Event "Hamburg SKA"]
[Site "Hamburg"]
[Date "1991.06.28"]
[Round "2"]
[White "Maus, Soenke"]
[Black "Wegner, Hannu"]
[Result "1-0"]
[WhiteElo "2400"]
[BlackElo "2435"]
[Annotator "Ribli,Z"]
[PlyCount "105"]
[EventDate "1991.06.27"]
[EventType "tourn"]
[EventRounds "13"]
[EventCountry "GER"]
[EventCategory "11"]
[SourceTitle "CBM 024"]
[Source "ChessBase"]
[SourceDate "1991.10.01"]
[SourceVersion "1"]
[SourceVersionDate "1991.10.01"]
[SourceQuality "1"]

1. c4 Nf6 2. Nc3 e5 3. g3 d5 4. cxd5 Nxd5 5. Bg2 Nb6 6. Nf3 Nc6 7. O-O Be7 8.
a3 O-O 9. b4 Re8 10. e3 $5 (10. b5 Nd4 11. Nxe5 Bf6 12. f4 Bxe5 13. fxe5 Rxe5
14. e3 Nxb5 15. Nxb5 Rxb5 16. a4 Rf5 17. a5 Rxf1+ 18. Qxf1 $13 {Mestropov,
K-Yakovich,Y Moscow op 1990 EXP/19 50/(29)}) (10. d3 Bf8 11. Bb2 Bg4 12. Ne4 a5
13. Nc5 e4 $13 {Gomez,J-Kortschnoj,V Salamanca 1991 CBM/23}) 10... a6 11. Qc2
Bg4 12. h3 Bh5 (12... Be6 $5 13. Rd1 Qd7 14. Kh2 Rad8 15. d4 exd4 16. Nxd4 Nxd4
17. Rxd4 Qc8 $10 {Makarichev,S-Kanstler,B Frunze 1989 CBM/15}) 13. Ne4 f5 14.
Nc5 e4 15. Nh2 Be2 16. Re1 Bxc5 17. Rxe2 Bd6 18. d3 Qe7 19. Bb2 Qe6 20. Rd1 Re7
21. dxe4 fxe4 22. Nf1 Nc4 23. Nd2 Nxd2 24. Rexd2 Rae8 25. Rd5 Bxb4 26. Rg5 $1
Bd6 27. Rg4 $14 Qf5 28. Qb3+ Kh8 29. Bxe4 $1 Qb5 30. Qc2 h6 31. Rd5 Qb6 32. Bg2
Ne5 33. Bxe5 Rxe5 34. Qg6 R8e7 35. Rf4 R7e6 36. Qf7 Qb1+ 37. Kh2 Re8 38. Rg4
R5e7 39. Qh5 Bxa3 40. Rdd4 Bd6 41. Rde4 Rf8 42. Rxe7 Bxe7 43. Rf4 Rxf4 44. gxf4
Qb4 45. Bd5 c6 46. Be6 Qd6 47. Qe8+ Bf8 48. Qf7 Kh7 49. e4 Qe7 50. Qg8+ Kg6 51.
Kg3 Qa3+ 52. f3 Qe3 53. Bf5+ 1-0

[Event "Dos Hermanas"]
[Site "Dos Hermanas"]
[Date "1995.??.??"]
[Round "9"]
[White "Lautier, Joel"]
[Black "Illescas Cordoba, Miguel"]
[Result "0-1"]
[WhiteElo "2655"]
[BlackElo "2595"]
[Annotator "Ribli,Z"]
[PlyCount "80"]
[EventDate "1995.04.??"]
[EventType "tourn"]
[EventRounds "9"]
[EventCountry "ESP"]
[EventCategory "18"]
[SourceTitle "CBM 047"]
[Source "ChessBase"]
[SourceDate "1995.08.01"]
[SourceVersion "1"]
[SourceVersionDate "1995.08.01"]
[SourceQuality "1"]

1. c4 e5 2. Nc3 Nc6 3. Nf3 Nf6 4. g3 Bb4 5. Bg2 O-O 6. O-O e4 7. Ng5 (7. Ne1 $5
) 7... Bxc3 8. bxc3 Re8 9. f3 (9. d3 exd3 10. exd3 b6 (10... h6 $5) 11. Bd5 $5
Nxd5 12. cxd5 h6 13. Nxf7 $1 $40 {Weiss hat eine starke Initiative, weil der
schwarze Koenigsfluegel geschwaec- hert ist (Bh6 in der Luft). Christiansen,
L-Kaidanov,G/USA ch/1994/CBM44/ INF62,35/}) 9... e3 $5 (9... exf3 10. Nxf3 d5
11. d4 $1 Ne4 12. Qc2 Bf5 13. Nh4 $36 {Weiss hat eine Initiative (Laeuferpaar
in offener Stellung, b-und f-Linie fuer die Tuerme. Larsen,B-Olafsson,H/
hastings/1990/CBM/22/INF51,(39)/}) 10. d3 d5 11. Qb3 Na5 12. Qa3 c6 13. cxd5
cxd5 14. f4 {Jetzt erreichen wir die kritische Stellung.} Bg4 (14... Nc6 $6 15.
Rb1 Qc7 16. Bb2 Bg4 17. Rfe1 $1 $14 {Karpov} (17. c4 $13 {Kasparov,G-Karpov,A/
Sevilla m/1987/INF44,22/})) 15. Re1 h6 (15... Nc6 16. Rb1 Qd7 $6 (16... h6 $5)
17. h3 $1 $16 {Karpov} (17. Nf3 b6 18. Bb2 $13 {Soffer,R-Kindermann,S/Bern izt/
1990/CBM17/})) 16. Nf3 Nc6 17. Rb1 Qd7 18. d4 {+/= Karpov/ Der spanische
Grossmeister hat andere Meinung.} Bh3 19. Bh1 (19. Bxh3 {Die Annahme des
Bauernopfers fuehrt zu einem starken schwarzen Angriff.} Qxh3 20. Rxb7 Rac8 $5
{Droht /\ Ng4 mit sehr gefaehrlichem Angriff.} (20... Ng4 {Nicht so klar.} 21.
Qd6 $1 $13)) 19... Nh5 $1 20. Ne5 Nxe5 21. fxe5 Qg4 22. Bxe3 (22. Bf3 Qg6 23.
Bxe3 Nxg3 {Fuehrt zu der Partiefortsetzung.}) 22... Nxg3 23. Bf3 Qg6 (23...
Nxe2+ $2 24. Kf2 $18) 24. hxg3 Qxg3+ 25. Kh1 Bg4 26. Qc1 Qh3+ 27. Kg1 Qg3+ 28.
Kh1 Re6 $1 {Natuerlich will der Anziehende mehr als Remis.} 29. Bg2 Qh4+ $1 30.
Kg1 Bh3 $1 {Der schwarze Angriff sieht uebermaechtig aus.} 31. Bxh3 {[#]} Rg6+
$1 32. Bg2 Qg3 33. Bg5 Rxg5 34. Qxg5 hxg5 {Weiss hat einen Turm und einen
Laeufer gegen die Dame, jetzt sind sie zu wenig ,weil seine Bauern und auch
seine Koenigstellung schwach sind.} 35. Red1 (35. e3 Rc8 36. Rbc1 Rxc3 $19)
35... Qxc3 36. Rxb7 Qc6 37. Rdb1 Qc4 $1 38. R1b4 Qc1+ 39. Kf2 Qf4+ 40. Kg1 a5 (
40... a5 41. Ra4 Rc8 $19) 0-1

[Event "Excelsior Cup"]
[Site "Gothenburg"]
[Date "1998.01.11"]
[Round "5"]
[White "Gavrikov, Viktor"]
[Black "Hartman, Christer"]
[Result "1-0"]
[WhiteElo "2555"]
[BlackElo "2345"]
[Annotator "Ribli,Z"]
[PlyCount "79"]
[EventDate "1998.01.07"]
[EventType "tourn"]
[EventRounds "9"]
[EventCountry "SWE"]
[EventCategory "9"]
[SourceTitle "CBM 063"]
[Source "ChessBase"]
[SourceDate "1998.03.26"]
[SourceVersion "1"]
[SourceVersionDate "1998.03.26"]
[SourceQuality "1"]

1. c4 e5 2. g3 Nf6 3. Bg2 Nc6 4. Nf3 {Mit dieser Zugfolge umgeht Weiß
Varianten mit Bb4.Ribli.} g6 (4... e4 5. Ng5 d5 6. Nc3 $14 (6. d3) (6. cxd5
Qxd5 7. d3 Bb4+ 8. Nc3 $13)) 5. Nc3 Bg7 6. d4 (6. Rb1 $5 {Das ist eine schlaue
Fortsetzung. Wenn Schwarz 6...a5 spielt, öffnet Weiß die Stellung mit 7.d4,
und der Punkt b5 wird fühlbar schwach. Wenn Schwarz rochiert, kommt Weiß mit 7.
b4 zu Raumgewinn am Damenflügel und setzt anstelle mit d4, mit d3 fort.} a5 7.
d4 exd4 (7... d6 8. dxe5 Nxe5 9. Nd4 (9. Nxe5 dxe5 10. Qxd8+ Kxd8 11. Be3 $14 {
[%csl Rb5,Rd8]}) 9... O-O 10. b3 $14) 8. Nxd4 O-O 9. O-O Nxd4 10. Qxd4 d6 11.
Qh4 $14 {[%csl Rb5]}) 6... exd4 7. Nxd4 O-O (7... Nxd4 $5 8. Qxd4 O-O) 8. Nc2
$5 $14 {Weiß unterbindet den möglichen Springertausch auf d4. Er besitzt einen
starken Bg2 und positionellen Druck gegen d5.} (8. O-O Re8 (8... Nxd4 $6 9.
Qxd4 Re8 (9... d6 10. Qd2 Rb8 11. b3 a6 12. Bb2 b5 13. cxb5 axb5 14. Rfd1 Re8
15. Nd5 Bb7 16. Bxf6 Bxf6 17. Rac1 Bxd5 18. Bxd5 Bg7 19. Rc6 $14 {
Azmayparashvili,Z-Akopian,V/Erevan/1989/CBM14/}) 10. Qh4 $5 Re5 11. Bf3 $5 Qf8
12. Bg5 Re6 13. Nd5 $1 $14 {Ionov-Lugovoi/Rus-ch Elista/1985}) (8... Ng4 9. Nc2
d6 10. Bd2 a5 11. Rb1 f5 12. h3 Nf6 13. Kh2 Be6 14. Ne3 Qd7 15. Ned5 Rae8 16.
b3 Nb4 17. Nxf6+ Bxf6 18. e3 Bg7 19. a3 Nc6 20. Nd5 b6 21. Rc1 Ne5 22. Bc3 Qd8
23. Qc2 {1/2-1/2 Petursson,M-Gausel,E/Troll Masters 1996 (35)}) 9. e3 $5 Ne5 $6
(9... Nxd4 10. exd4 d6 11. Bf4 $14) 10. b3 d6 11. h3 h5 $5 12. Bb2 c6 13. Qc2
a5 14. Rad1 Qc7 15. Ba3 {+/= Stangl,M-Bacrot,E/Balatonbereny 1996}) 8... d6 9.
O-O Re8 10. Bg5 $5 {Mit dem Partiezug provoziert Weiß die Schwächung des
schwarzen Königsflügels.} (10. e4 Nd7 $5 11. Qd2 a6 12. b3 Rb8 13. Bb2 b5 14.
Ne3 bxc4 $2 (14... Nc5 $1 15. cxb5 axb5 16. Ncd5 b4 17. Bxg7 Kxg7 18. Rfd1 Bd7
$13) 15. Nxc4 Bb7 16. Nd5 $1 $16 {Korchnoi,V-Bacrot,E/Linz 1997/1-0 (52)}) (10.
b3 Bf5 11. Rb1 (11. Bb2 Ne4 $15 {[%cal Rg7b2] Die schwarzen Figuren
beherrschen das Geschehen.}) 11... Ne4 (11... a5 12. Re1 Ne4 13. Nxe4 Bxe4 14.
Bxe4 Rxe4 $11) 12. Nd5 Ne7 13. Bxe4 Bxe4 14. Bg5 Bxd5 15. cxd5 Qd7 $11) (10.
Ne3 $5 {[%csl Yd5]}) 10... h6 11. Bd2 Bd7 (11... Ne5 12. b3 c6 13. Rc1 Qe7 14.
h3 Kh7 15. Nd4 Ned7 16. Qc2 Nc5 17. Rcd1 Nh5 18. Bc1 f5 19. e3 Nf6 20. Ba3 Bd7
21. Nde2 Rad8 22. Na4 $1 Nxa4 23. bxa4 c5 24. Bb2 Bc6 25. Bxf6 Bxf6 26. Nf4
Bxg2 27. Kxg2 Qe4+ 28. Qxe4 fxe4 29. Nd5 Be5 30. Rb1 Rd7 31. a5 Rf8 32. a6 bxa6
33. Rfc1 g5 34. Rb3 Kg6 35. Rc2 Kf7 36. Ra3 {Chernin,A-Votava,J/Erevan olm
1996/1-0 (69)}) (11... Bf5 12. Ne3 Bd7 $14 (12... Be4 $2 13. f3 $16)) 12. b3 a6
(12... Qc8 13. Re1 {Das ist ein für die Englische Eröffnung typischer Versuch,
den Läufer zu retten und sich nach dem Tauschangebot 13...Bh3 mit 14.Bh1 zu
entziehen.} Bh3 14. Bh1 $14) 13. Ne3 {[%csl Gc3,Ge3][%cal Gc3d5,Ge3d5] Weiß
verstärkt seine Kontrolle über das Feld d5.} Rb8 14. Rc1 Nd4 (14... b5 15. cxb5
axb5 16. Nxb5 Rxb5 17. Bxc6 (17. Rxc6 $5) 17... Bxc6 18. Rxc6 Qa8 19. Qc2 $16 (
19. Rc2 $16)) 15. Ned5 Nxd5 (15... b5 $6 16. e3 Nf5 (16... Nc6 17. cxb5 axb5
18. Nxf6+ Bxf6 19. Nxb5 Rxb5 20. Bxc6 Bxc6 21. Rxc6 $16) 17. Nxf6+ Bxf6 18. Nd5
Bg7 19. Ba5 $16) 16. cxd5 {[%csl Rc7,Rd4,Gd5][%cal Gc1c7] Weiß hat dank seines
Zentrumsbauern auf d5 und des Turms auf der c-Linie positionellenm Druck. Der
scheinaktive schwarze Nd4 hängt in Wirklichkeit in der Luft, weil Weiß
jederzeit e3 ziehen kann.} Nb5 17. e3 {Mit diesem kleinen Zug verbessert Weiß
seine Stellung. Das natürlich wirkende 17.e4 oder spätere e4 wäre schlecht,
weil der Bauer auf e3 sicherer steht und auf e4 die Diagonale des Bg2
abschließt.} Bf5 18. Re1 {Ein profilaktischer Zug, Weiß entkräftet das
eventuell mögliche Bd3 und schafft sich die Option Bf1.} h5 19. a4 Nxc3 20.
Bxc3 b5 $2 {Schwarz verliert die Geduld und möchte aktiv spielen.} (20... Rc8
$14) 21. Bxg7 Kxg7 22. Qd4+ f6 $6 {Dieser Zug schwächt die 7.Reihe und die
schwarze Königsstellung.} (22... Kg8) 23. Qa7 $16 {[%csl Ra6,Ga7,Rc7,Rg7][%cal
Rc1c7]} Re7 24. Qxa6 Rb6 (24... bxa4 25. bxa4 $16 {Weiß hat klaren
positionellen Vorteil und einen Bauern mehr. Der ernfernte Freibauer auf a4
wiegt besonders schwer.}) 25. Qa5 (25. Qa7 $2 c5 {[%cal Re7a7]} 26. Qa5 b4 {
[%csl Ra5]}) 25... bxa4 26. bxa4 Qb8 27. Qd2 Rb4 $6 (27... Rb2 28. Qc3 $16) 28.
a5 {[%csl Ga5]} Qb5 (28... Ra4 29. Ra1 Rxa1 30. Rxa1 $16 {[%csl Ga5][%cal
Ra5a8]}) 29. a6 {Die schwarze Dame ist an den Rb4 gefesselt, so wird dieser
Bauernzug möglich.} Ra4 30. Bf1 {[%csl Gf1][%cal Gf1a6] Das ist der Vorteil
des 17.Zuges von Weiß.} Qb3 31. Ra1 Be4 32. a7 Re8 $8 33. Rxa4 Qxa4 34. Qd4 $1
Qa5 {[%cal Ra5e1]} (34... Qxd4 35. exd4 $18 {[%cal Re1e8]}) 35. Rd1 Bf3 36. Rb1
$18 {[%cal Rb1b8] Der weiße a-Bauer entscheidet die Partie. Schwarz kann sich
nicht gegen die vielseitigen Drohungen verteidigen.} Ra8 37. Rb7 {[%csl Ga7,
Ra8,Gb7,Rc7,Gd4,Rg7]} Qxd5 38. Rxc7+ Kh6 39. Qxf6 {[%csl Rh6] Und nun befindet
sich auch noch der schwarze König im Mattnetz.} Be4 40. Qf4+ {Und Schwarz gab
in verlorener Stellung auf.Ribli.} (40. Qf4+ Qg5 (40... g5 41. Qf6+ Bg6 42.
Qg7#) 41. Rh7+ Kxh7 42. Qxg5 $18) 1-0

[Event "Toledo"]
[Site "Toledo"]
[Date "1991.??.??"]
[Round "8"]
[White "Ubilava, Elizbar"]
[Black "Franco Ocampos, Zenon"]
[Result "1-0"]
[WhiteElo "2535"]
[BlackElo "2495"]
[Annotator "Ribli,Z"]
[PlyCount "95"]
[EventDate "1991.02.??"]
[EventType "tourn"]
[EventRounds "9"]
[EventCountry "ESP"]
[EventCategory "8"]
[SourceTitle "CBM 022"]
[Source "ChessBase"]
[SourceDate "1991.06.01"]
[SourceVersion "1"]
[SourceVersionDate "1991.06.01"]
[SourceQuality "1"]

1. c4 e5 2. Nc3 Nf6 3. g3 d5 4. cxd5 Nxd5 5. Bg2 Ne7 6. Nf3 Nbc6 7. d3 g6 8. h4
$1 (8. Bg5 $5 Bg7 9. Qc1 h6 10. Bd2 $14 {Polugaevsky}) 8... h6 9. Bd2 Bg7 10.
Qc1 $14 Be6 11. O-O Qd7 12. b4 Bh3 (12... Nxb4 13. Rb1 $16) 13. Ne4 Bxg2 14.
Kxg2 Nf5 15. Nc5 Qc8 16. e3 Nd6 17. Rb1 a6 18. a4 O-O 19. e4 Kh7 20. b5 axb5
21. axb5 Na7 22. b6 Nab5 23. bxc7 Qxc7 24. Bb4 Rfc8 25. Qe3 Nd4 26. Rfc1 Nxf3
27. Qxf3 Nb5 28. Nb3 Qd7 29. Nc5 Qc7 30. h5 $1 Nd4 31. Qg4 Qe7 32. Nb3 $1 Qe6 (
32... Qxb4 33. hxg6+ fxg6 34. Nxd4 Qf8 35. Ne6 $18) 33. hxg6+ fxg6 34. Qxe6
Nxe6 35. Na5 Rxc1 36. Rxc1 Rd8 37. Rc3 Rd7 38. Nc4 Kg8 39. Nb6 Rd4 40. Nd5 Kf7
41. Rb3 Bf8 42. Bxf8 Kxf8 43. Rxb7 Rxd3 44. Ne7 Kf7 45. Nf5+ Kf6 46. Nxh6 Nc5
47. Rb6+ Kg7 48. Ng4 1-0

[Event "Lyon zt"]
[Site "Lyon"]
[Date "1990.??.??"]
[Round "2"]
[White "Seret, Jean Luc"]
[Black "Renet, Olivier"]
[Result "1/2-1/2"]
[WhiteElo "2405"]
[BlackElo "2520"]
[Annotator "Ribli,Z"]
[PlyCount "161"]
[EventDate "1990.04.??"]
[EventType "tourn"]
[EventRounds "13"]
[EventCountry "FRA"]
[EventCategory "8"]
[SourceTitle "CBM 018"]
[Source "ChessBase"]
[SourceDate "1990.10.01"]
[SourceVersion "1"]
[SourceVersionDate "1990.10.01"]
[SourceQuality "1"]

1. c4 e5 2. g3 Nf6 3. Bg2 d5 4. cxd5 Nxd5 5. Nc3 Nb6 6. Nf3 Nc6 7. O-O Be7 8.
d3 O-O 9. a3 {9.Be3, Re8 10.Rc1, Bf8 Nikolic,Z-Damljanovic,B JUG-ch 1990 CBM/17
} Re8 10. Be3 Bf8 11. Rc1 Nd4 12. Ne4 c6 13. Nc5 Bxc5 14. Rxc5 Bg4 15. Bxd4
exd4 16. Qd2 Nd7 17. Rc4 {17.Rc2!?} Bxf3 18. exf3 Ne5 19. Rc2 Qb6 20. f4 Nd7
21. Rc4 a5 22. Rfc1 Nf6 23. Bf3 Re7 24. b4 $1 g6 25. Qb2 Rd8 26. Rc5 axb4 27.
axb4 Ne8 28. R1c4 Nc7 29. f5 {29.Rxd4, Rxd4 30.Qxd4, Re1+! 31.Kg2, Ne6 32.Qc3,
Nxc5 33.Qxe1, Nxd3 =/+} Nb5 30. fxg6 hxg6 31. Qd2 Rde8 32. Qh6 {|^} Qd8 33. Be4
Re6 {/\ Rh5} 34. h4 Qf6 35. h5 Qg7 36. Qxg7+ Kxg7 37. hxg6 fxg6 38. f3 Ra8 39.
Kg2 Ra2+ 40. Kh3 Re8 41. Kg4 Kf6 42. Rg5 Rg8 43. Bxc6 $1 Nd6 44. Bd5 Rd8 45.
Rc1 {45.Rxd4, Nf5 46.Bxa2, Rxd4+} Rg2 46. f4 Re2 47. Rh1 {/\ Rh6} Kg7 48. Re5
Re3 49. Rxe3 dxe3 50. Kf3 Nf5 51. Be4 Rd4 52. Rb1 {52.g4!?} e2 53. Bxf5 {
53.Kxe2, Nxg3+ 54.Ke3} Rxb4 $1 54. Rc1 gxf5 55. Kxe2 Rb2+ 56. Ke3 Rg2 57. Kf3
Rd2 58. Rc3 Kf6 59. g4 {59.Rb3!?} fxg4+ 60. Kxg4 Rb2 61. Kf3 b5 62. Rc6+ Kf7
63. Ke4 b4 64. Rb6 Rb1 65. Kd4 Rf1 66. Ke5 Re1+ 67. Kd5 Rb1 68. Kd4 Rf1 69. Ke5
Re1+ 70. Kf5 Rd1 71. Rb7+ Kg8 72. Kg6 Rg1+ 73. Kf6 Rd1 74. Rb8+ Kh7 75. Rxb4
Rxd3 76. f5 Ra3 77. Rb7+ Kh6 78. Kf7 Ra8 79. Rb6+ Kh7 80. Kf6 Ra7 81. Kg5
1/2-1/2